Quantum mechanics.

Bibliographic Details
Main Author: Trigg, George L.
Format: Book
Language:English
Published: Princeton, N.J. : Van Nostrand, [1964]
Series:University physics series.
Subjects:

MARC

Tag First Indicator Second Indicator Subfields
LEADER 00000cam a2200000 4500
001 in00000047365
005 20151007071439.0
008 730115s1964 nju 00000 eng u
010 |a  64009825  
035 |a (OCoLC)00537317 
035 |9 AAE5985AM 
040 |c WSU  |d TXA  |d UtOrBLW 
049 |a TXAM  |c [404062] 
050 0 |a QC174.1  |b .T7 
092 |a 530.12  |b T828q, 1964 
100 1 |a Trigg, George L. 
245 1 0 |a Quantum mechanics. 
264 1 |a Princeton, N.J. :  |b Van Nostrand,  |c [1964] 
300 |a xii, 395 pages ;  |c 24 cm. 
336 |a text  |b txt  |2 rdacontent 
337 |a unmediated  |b n  |2 rdamedia 
338 |a volume  |b nc  |2 rdacarrier 
490 1 |a University physics series 
650 0 |a Quantum theory. 
830 0 |a University physics series. 
999 |a MARS 
999 f f |s 476dd510-fd8f-3edc-835d-b42ea81b765c  |i 07d46c61-069e-37ba-a11e-98535c5121b2  |t 0 
952 f f |p normal  |a Texas A&M University  |b College Station  |c Sterling C. Evans Library  |d Evans: Library Stacks  |t 0  |e QC174.1 .T7  |h Library of Congress classification  |i unmediated -- volume  |m A14800910197 
998 f f |a QC174.1 .T7  |t 0  |l Evans: Library Stacks